000 00545cam a2200181 4500500
005 20260405003105.0
041 _afre
042 _adc
100 1 0 _aEltchaninoff, Michel
_eauthor
245 0 0 _aDemain, la guerre à l’ancienne ?
260 _c2020.
500 _a34
690 _aArmée
690 _aFrédéric Gros
690 _aGuerre
786 0 _nPhilosophie magazine | 141 | 8 | 2020-08-01 | p. 7-7 | 1951-1787
856 4 1 _uhttps://shs.cairn.info/magazine-philosophie-magazine-2020-8-page-7?lang=fr&redirect-ssocas=7080
999 _c2064298
_d2064298